<?xml version="1.0" encoding="UTF-8"?><?xml-stylesheet type="text/xsl" href="static/style.xsl"?><OAI-PMH xmlns="http://www.openarchives.org/OAI/2.0/" xmlns:xsi="http://www.w3.org/2001/XMLSchema-instance" xsi:schemaLocation="http://www.openarchives.org/OAI/2.0/ http://www.openarchives.org/OAI/2.0/OAI-PMH.xsd"><responseDate>2026-04-14T08:19:12Z</responseDate><request verb="GetRecord" identifier="oai:www.recercat.cat:10230/22105" metadataPrefix="marc">https://recercat.cat/oai/request</request><GetRecord><record><header><identifier>oai:recercat.cat:10230/22105</identifier><datestamp>2025-12-22T20:20:28Z</datestamp><setSpec>com_2072_6</setSpec><setSpec>col_2072_452954</setSpec></header><metadata><record xmlns="http://www.loc.gov/MARC21/slim" xmlns:dcterms="http://purl.org/dc/terms/" xmlns:xsi="http://www.w3.org/2001/XMLSchema-instance" xmlns:doc="http://www.lyncode.com/xoai" xsi:schemaLocation="http://www.loc.gov/MARC21/slim http://www.loc.gov/standards/marcxml/schema/MARC21slim.xsd">
   <leader>00925njm 22002777a 4500</leader>
   <datafield ind2=" " ind1=" " tag="042">
      <subfield code="a">dc</subfield>
   </datafield>
   <datafield ind2=" " ind1=" " tag="720">
      <subfield code="a">Tomás Moreno, Héctor</subfield>
      <subfield code="e">author</subfield>
   </datafield>
   <datafield ind2=" " ind1=" " tag="260">
      <subfield code="c">2014-02-28T15:46:19Z</subfield>
   </datafield>
   <datafield ind2=" " ind1=" " tag="260">
      <subfield code="c">2014-02-28T15:46:19Z</subfield>
   </datafield>
   <datafield ind2=" " ind1=" " tag="260">
      <subfield code="c">2013</subfield>
   </datafield>
   <datafield ind2=" " ind1=" " tag="520">
      <subfield code="a">Treball de fi de màster de l&amp;apos;especialitat de Ciències naturals. Màster de Formació del professorat d&amp;apos;Educació Secundària UPF-UOC</subfield>
   </datafield>
   <datafield ind2=" " ind1=" " tag="520">
      <subfield code="a">Mentora: Carme Alòs de l&amp;apos;IES Alella (Maresme)</subfield>
   </datafield>
   <datafield ind2=" " ind1=" " tag="520">
      <subfield code="a">Tutora UPF: Sílvia Lope Pastor</subfield>
   </datafield>
   <datafield ind2=" " ind1=" " tag="520">
      <subfield code="a">Cuando las teorías de la enseñanza en boga, sugieren que el alumno ha de ser la parte más activa en el proceso de construcción de su propio conocimiento, creemos que conseguir una clase más participativa se convierte en un requisito imprescindible para alcanzar tal fin. En éste trabajo se han analizado de qué elementos o herramientas disponemos los docentes para aumentar la participación en el aula. Tras una intensa búsqueda bibliográfica se han seleccionado una serie de elementos y se han llevado a la práctica. Dichos elementos afectan a la globalidad del ejercicio docente: desde el diseño y puesta en escena de la unidad didáctica, a la relación que pueda establecer el profesor con sus alumnos. Para valorar el grado de efectividad de los mismos, se ha anotado la participación individual de cada alumno y se han realizado encuestas y entrevistas individuales.</subfield>
   </datafield>
   <datafield tag="653" ind2=" " ind1=" ">
      <subfield code="a">Comunicació oral – Ensenyament secundari</subfield>
   </datafield>
   <datafield tag="653" ind2=" " ind1=" ">
      <subfield code="a">Observació participant</subfield>
   </datafield>
   <datafield tag="653" ind2=" " ind1=" ">
      <subfield code="a">Treball de fi de màster – Curs 2012-2013</subfield>
   </datafield>
   <datafield ind2="0" ind1="0" tag="245">
      <subfield code="a">Contra la técnica del avestruz : aumentando la participación en el aula</subfield>
   </datafield>
</record></metadata></record></GetRecord></OAI-PMH>